000 01255nmc a2200409 a 4500
003 AR-BaBNM
005 20251128205256.0
008 011101s1997 ||||||||||||||000 | spa||
020 _a950-506-272-9
040 _cAR-BaBNM
245 1 0 _aAprendizajes y didácticas
_b¿qué hay de nuevo?
260 _aBuenos Aires
_bEdicial
_c1997
300 _a252 p.
_btablas, diagr.
490 0 _aReferencias pedagógicas
504 _aBibliografía: p. 207-241
600 1 4 _aPiaget, Jean
650 4 _aTEORIAS DEL APRENDIZAJE
650 4 _aDIDACTICA
650 4 _aENSENANZA DE LA ESCRITURA
650 4 _aTECNICAS DIDACTICAS
650 4 _aENSENANZA DE LA FISICA
650 4 _aENSENANZA DE LA LECTURA
651 4 _aFrancia
653 _aPROCESO DE ENSENANZA-APRENDIZAJE
653 _aCOMPRENSION LECTORA
700 1 _aVergnaud, Gérard
_ecoordinador
700 1 _aChartier, Daniel
_ecolaborador
700 1 _aEspéret, Eric
_ecolaborador
700 1 _aFayol, Michel
_ecolaborador
700 1 _aFijalkow, Jacques
_ecolaborador
700 1 _aHuteau, Michel
_ecolaborador
700 1 _aLautrey, Jacques
_ecolaborador
700 1 _aMonteil, Jean-Marc
_ecolaborador
700 1 _aMaranzano, Clara
_etraductor
942 _cBK
998 _cSILVI
999 _c10694
_d10694